000 00479nam a2200169Ia 4500
008 240729s9999 xx 000 0 und d
022 _a2052-0492
245 0 _aJournal of Intensive Care
260 _aUnited Kingdom
260 _bBMC
650 _a Internal medicine
650 _a Medical emergencies. Critical care. Intensive care. First aid
650 _aMedicine
856 _uhttps://doaj.org/toc/59f6d6e64de04a5092a7f49a5069b116
942 _2ddc
942 _cDOAJEJ
999 _c68676
_d68676
945 _a1
_bMadushi Gamage
_c1
_dMadushi Gamage